000 00620nam a2200241Ia 4500
003 OSt
005 20220930184500.0
006 a|||||r|||| 00| 0
007 ta
008 220926b |||||||| |||| 00| 0 eng d
024 _a87909
037 _cTextbook
040 _aCRL
_cCRL
_beng
041 _2eng
_aeng
082 _aR34x, K6
100 _aWiley Margaret L.
_941274
245 0 _aCreative sceptics
260 _aCalcutta
_bScientific Book Agency India
_c1969
300 _a352p.
_ccm.
650 _aPHILOSOPHY
942 _hR34x, K6
_cTB
_2CC
999 _c888590
_d888590